000 00416nam a2200133Ia 4500
008 211122s9999||||xx |||||||||||||| ||und||
082 _a894.812
_bUNN-O
100 _aUnni R
245 0 _aOzhivudivasathe Kali
260 _bMathrubhumi Books
_aKozhikode
630 _xGeneral Stack
650 _aLITERATURE AND RHETORIC
_vLITERATURE OF OTHER LANGUAGESALTAIC,URALIC,HYPERBOREAN AND DRAVIDIANMalayalam
942 _cBOOK
999 _c125276
_d125276